| 000 | 01022cam a22003017a 4500 | ||
|---|---|---|---|
| 003 | CHAP | ||
| 005 | 20220817042918.0 | ||
| 008 | 971013s1995 r 00010 d | ||
| 010 | _a59678 | ||
| 011 | _a60650 | ||
| 035 | _a64812 | ||
| 040 | _cCHAP | ||
| 090 | _aFolleto 14624 | ||
| 100 | 0 | 0 |
_aZepeda del Valle, Juan Manuel. _9123920 |
| 245 | 1 | 3 | _aLa formación de profesionales en ciencias agrícolas en el umbral del siglo XXI |
| 260 |
_aCuliacán, Sin. : _bEl autor, _c1995 |
||
| 300 | _a14 h. | ||
| 500 | _aPonencia presentada en el Congreso Nacional Agronómico (21 : 1995 : Culiacán, Sin.) | ||
| 590 |
_aBATCH-UPD _b10 _c20130110 _lUCH01 _h1643 |
||
| 590 |
_aBATCH-UPD _b10 _c20130410 _lUCH01 _h1033 |
||
| 590 |
_aBATCH-UPD _b10 _c20130914 _lUCH01 _h1241 |
||
| 590 |
_aCONVERSION _b10 _c20130109 _lUCH01 _h1332 |
||
| 650 | 1 | 4 |
_aEducación agrícola _zMéxico. _935552 |
| 650 | 1 | 4 |
_aMéxico _xCondiciones económicas. |
| 901 | _aBK | ||
| 942 | _cFOLL | ||
| 949 |
_aFolleto 14624 _bBC _cFOLL _d-142192 _eTS1 _i64812 _mD _si |
||
| 999 |
_c59678 _d59678 |
||